Wymień kolor państwa (opis ważny) - Statystyki

Ogólne statystyki
  • Ten quiz został rozwiązany 54 razy
  • Średni wynik to 5 z 8
Statystyki odpowiedzi
Obrazkowy Odpowiedź % Poprawnych
Czerwony
100%
Czerwony/Czarny/Niebieski
87%
Czarny/Żółty/czerwony
77%
Zielony/czerwony
68%
Niebieski/żółty
64%
Czerwony/zielony/niebieski
51%
Niebieski/zielony/żółty
49%
Czarny/czerwony/żółty/zielony
45%
Nie znaleziono quizów pasujących do podanych kryteriów
Rozkład punktacji
Procent ludzi z każdym wynikiem
Percentyl według liczby udzielonych odpowiedzi
Twoja historia wyników
Nie rozwiązałeś tego quizu